Microbiology / (Record no. 331488)

000 -LEADER
fixed length control field 01085cam a22002894a 4500
001 - CONTROL NUMBER
control field 12311952
003 - CONTROL NUMBER IDENTIFIER
control field NUST
005 - DATE AND TIME OF LATEST TRANSACTION
control field 20171002112025.0
008 - FIXED-LENGTH DATA ELEMENTS--GENERAL INFORMATION
fixed length control field 010216s2002 mauab b 001 0 eng
010 ## - LIBRARY OF CONGRESS CONTROL NUMBER
LC control number 2001030342
020 ## - INTERNATIONAL STANDARD BOOK NUMBER
International Standard Book Number 0072320419 (alk. paper)
020 ## - INTERNATIONAL STANDARD BOOK NUMBER
International Standard Book Number 0071122591 (ISE)
040 ## - CATALOGING SOURCE
Original cataloging agency DLC
Transcribing agency DLC
Modifying agency DLC
042 ## - AUTHENTICATION CODE
Authentication code pcc
050 00 - LIBRARY OF CONGRESS CALL NUMBER
Classification number QR41.2
Item number .P74 2002
082 00 - DEWEY DECIMAL CLASSIFICATION NUMBER
Classification number 579 PRE
Edition number 21
100 1# - MAIN ENTRY--PERSONAL NAME
Personal name Prescott, Lansing M.
9 (RLIN) 5120
245 00 - TITLE STATEMENT
Title Microbiology /
Statement of responsibility, etc. Lansing M. Prescott, John P. Harley, Donald A. Klein.
250 ## - EDITION STATEMENT
Edition statement 5th ed.
260 ## - PUBLICATION, DISTRIBUTION, ETC.
Place of publication, distribution, etc. Boston :
Name of publisher, distributor, etc. McGraw-Hill,
Date of publication, distribution, etc. c2002.
300 ## - PHYSICAL DESCRIPTION
Extent 1 v. (various pagings) :
Other physical details ill. (some col.), col. maps ;
Dimensions 29 cm.
500 ## - GENERAL NOTE
General note P.B
504 ## - BIBLIOGRAPHY, ETC. NOTE
Bibliography, etc. note Includes bibliographical references and index.
650 #0 - SUBJECT ADDED ENTRY--TOPICAL TERM
Topical term or geographic name entry element Microbiology.
9 (RLIN) 5121
700 1# - ADDED ENTRY--PERSONAL NAME
Personal name Harley, John P.
9 (RLIN) 2683
700 1# - ADDED ENTRY--PERSONAL NAME
Personal name Klein, Donald A.,
Dates associated with a name 1935-
9 (RLIN) 5122
906 ## - LOCAL DATA ELEMENT F, LDF (RLIN)
a 7
b cbc
c orignew
d 1
e ocip
f 20
g y-gencatlg
942 ## - ADDED ENTRY ELEMENTS (KOHA)
Source of classification or shelving scheme
Koha item type Book
Call number prefix IESE
Holdings
Withdrawn status Lost status Source of classification or shelving scheme Damaged status Not for loan Collection code Permanent Location Current Location Shelving location Date acquired Total Checkouts Full call number Barcode Date last seen Date last checked out Price effective from Koha item type
            Institute of Environmental Science and Engineering (IESE) Institute of Environmental Science and Engineering (IESE) General Stacks 10/02/2017 1 579 PRE IESE-888 06/23/2025 01/27/2025 10/02/2017 Book
© 2023 Central Library, National University of Sciences and Technology. All Rights Reserved.